000 00290nam a2200109Ia 4500
008 230724s2005 xx und d
041 _aeng
100 _aRAMAMRUTHAM S & NARAYAN R
245 _aTHEORY OF STRUCTURES
260 _bDHANPAT RAI PUBLISHING CO. (P) LTD.
_c2005
300 _a1428
999 _c1173851
_d1173851